000 00541nam a22002177a 4500
003 UA-OsUOA
001 69586
007 ta
008 20100629b un ||||| |||| 00| 0 ukr d
100 _aРайхель Ю.
090 _a32
_bР18
942 _cSA
040 _aUA-OsUOA
_bukr
_cUA-OsUOA
_dUA-OsUOA
245 _aОдна мова чи дві: тези й контртези. Міф двомовності
300 _aС.14
955 _a0
041 _aukr
080 _a32
773 0 _w69582
650 7 _a32 Політика
_2UDC
999 _c355848
_d355848